000
00342nam a2200145Ia 4500
008
150201s2012 xx 000 0 und d
082
_a
610.72
_b
N12P
100
_a
POLIT, DENISE F.
245
_a
NURSING RESEARSH
250
_a
1ST
260
_b
WOLTER KLUWER
_a
PHILADELPHIA
_c
2012
300
_a
802
650
_a
NURSING
942
_2
ddc
_c
BK
_0
6
999
_c
2198
_d
2198